| 000 | 01589cam a22002771 4500 | ||
|---|---|---|---|
| 001 | e 37000129 | ||
| 003 | DLC | ||
| 005 | 20260227111226.0 | ||
| 008 | 780612s1936 dcuaf b f000 0 eng c | ||
| 010 | _ae 37000129 | ||
| 035 | _a(OCoLC)3966628 | ||
| 040 |
_aU.S. Office of Education. Library _cNBuC _dNBuC _dOCoLC _dDLC |
||
| 050 | 0 | 0 |
_aL111 _b.A6 1936, no. 11 |
| 051 |
_aLC4661 _b.M32 |
||
| 082 | _a371.92 | ||
| 100 | 1 |
_aMartens, Elise H. _q(Elise Henrietta), _d1887- _ecomp. |
|
| 245 | 1 | 2 |
_aA guide to curriculum adjustment for mentally retarded children, _cby Florence N. Beaman, Charles Scott Berry, May E. Bryne [and others] ... Compiled and edited by Elise H. Martens, senior specialist in the education of exceptional children, Office of education. United States Department of the interior, Harold L. Ickes, secretary. Office of education, J. W. Studebaker, commissioner. |
| 260 |
_aWashington, _bU.S. Govt. Print. Off., _c1936. |
||
| 300 |
_avi, 133 p. _bfold. front., plates, fold. table. _c23 cm. |
||
| 410 | 1 | 0 |
_aUnited States. _bOffice of Education. _tBulletin 1936, _vno. 11 |
| 501 |
_aCopy 2 of L111.A6 with: Testing practices of high-school teachers / J. Murray Lee. Washington : U.S. Govt. Print. Off., 1936. Bound together subsequent to publication. _5DLC |
||
| 504 | _a"This handbook is a cooperative project, the outcome of a conference called by the United States Office of Education."--Introd., p.1. | ||
| 650 | 0 |
_aChildren with mental disabilities _xEducation. |
|
| 650 | 0 |
_aEducation _xCurricula. |
|
| 740 | 0 | _aCurriculum adjustment for mentally retarded children. | |
| 999 |
_c21524 _d21524 |
||